DETILLERING STUDY ON THE RICE PLANT,សិក្សាអពីឥទ្ធិពលនៃការខូចខាតដើមទៅលើទិន្នផលស្រូវ (Record no. 246)
[ view plain ]
| 000 -LEADER | |
|---|---|
| fixed length control field | 00562nam a22001577a 4500 |
| 003 - CONTROL NUMBER IDENTIFIER | |
| control field | OSt |
| 005 - DATE AND TIME OF LATEST TRANSACTION | |
| control field | 20150910160833.0 |
| 008 - FIXED-LENGTH DATA ELEMENTS--GENERAL INFORMATION | |
| fixed length control field | 150910b xxu||||| |||| 00| 0 eng d |
| 040 ## - CATALOGING SOURCE | |
| Transcribing agency | RUA |
| 082 ## - DEWEY DECIMAL CLASSIFICATION NUMBER | |
| Classification number | AGR ស៊ិន 1995 BOO11 Or.1 |
| 100 ## - MAIN ENTRY--PERSONAL NAME | |
| 9 (RLIN) | 265 |
| Personal name | ស៊ិន សោភ័ណ្ឌ |
| 245 ## - TITLE STATEMENT | |
| Title | DETILLERING STUDY ON THE RICE PLANT,សិក្សាអពីឥទ្ធិពលនៃការខូចខាតដើមទៅលើទិន្នផលស្រូវ |
| 260 ## - PUBLICATION, DISTRIBUTION, ETC. (IMPRINT) | |
| Place of publication, distribution, etc. | PHNOMPHEN |
| Name of publisher, distributor, etc. | RUA |
| Date of publication, distribution, etc. | 1995 |
| 300 ## - PHYSICAL DESCRIPTION | |
| Extent | 64P. |
| Other physical details | ILL. |
| Dimensions | 29CM. |
| 942 ## - ADDED ENTRY ELEMENTS (KOHA) | |
| Source of classification or shelving scheme | |
| Koha item type | AGR |
| Price effective from | Date last seen | Permanent Location | Not for loan | Date acquired | Source of classification or shelving scheme | Koha item type | Lost status | Withdrawn status | Total Renewals | Date last checked out | Total Checkouts | Damaged status | Barcode | Current Location | Full call number |
|---|---|---|---|---|---|---|---|---|---|---|---|---|---|---|---|
| 2015-09-10 | 2016-09-06 | Library Block B | 2015-09-10 | AGR | 1 | 2016-08-08 | 1 | rua003633 | Library Block B | AGR ស៊ិន 1995 BOO11 Or.1 | |||||
| 2015-09-10 | 2015-09-10 | Library Block B | 2015-09-10 | AGR | rua003908 | Library Block B | AGR ស៊ិន 1995 BOO11 Or.2 | ||||||||
| 2015-09-10 | 2020-01-31 | Library Block B | 2015-09-10 | AGR | 2020-01-03 | 1 | rua006577 | Library Block B | AGR ស៊ិន 1995 BOO11 Or.3 | ||||||
| 2015-09-10 | 2015-09-10 | Library Block B | 2015-09-10 | AGR | rua003767 | Library Block B | AGR ស៊ិន 1995 BOO11 Or.4 | ||||||||
| 2015-09-10 | 2016-07-20 | Library Block B | 2015-09-10 | AGR | 2016-07-18 | 1 | rua003695 | Library Block B | AGR ស៊ិន 1995 BOO11 Or.5 | ||||||
| 2015-09-10 | 2017-11-10 | Library Block B | 2015-09-10 | AGR | 2017-10-27 | 1 | rua003704 | Library Block B | AGR ស៊ិន 1995 BOO11 Or.6 | ||||||
| 2015-09-10 | 2017-11-24 | Library Block B | 2015-09-10 | AGR | 1 | 2017-10-27 | 1 | rua003705 | Library Block B | AGR ស៊ិន 1995 BOO11 Or.7 | |||||
| 2016-01-26 | 2016-01-26 | Library Block B | 2016-01-26 | AGR | RUA020738 | Library Block B | AGR ស៊ិន 1995 BOO11 Or.8 |